| 000 | 00864nam a22002057a 4500 | ||
|---|---|---|---|
| 005 | 20251108164232.0 | ||
| 008 | 250721s1999 xx 000 0 ara d | ||
| 082 | 1 | 4 | _a327.565/مؤت |
| 100 | 1 | _aمشاقبة، أمين | |
| 111 | 2 | _aمؤتمرالسياسة الخارجية الأردنية : واقع و تطلعات ( 1 : 1998 : عمان ) | |
| 245 | 1 | 0 |
_aالسياسة الخارجية الأردنية واقع و تطلعات : _bواقع و تطلعات : أبحاث و وقائع المؤتمر الأول للسياسة الخارجية ... / |
| 264 | 1 |
_aعمان : _bدار ومكتبة الحامد للنشر، _c1999. |
|
| 300 | _a338ص. | ||
| 650 | 1 | 7 | _aالسياسة الخارجية |
| 650 | 1 | 7 | _aالأردن |
| 650 | 1 | 7 | _aالتاريخ السياسي |
| 650 | 1 | 7 | _aالعلاقات الدولية |
| 942 |
_2ddc _cBK |
||
| 999 |
_c7085 _d7085 |
||